[Event "105th British-ch 2018"]
[Site "Hull"]
[Date "2018.08.04"]
[Round "8"]
[White "Payne, Matthew J"]
[Black "Macklin, Paul"]
[Result "1/2-1/2"]
[WhiteElo "2113"]
[BlackElo "2363"]
[Annotator "NA"]
[PlyCount "50"]
[EventDate "2018.07.28"]
[EventType "swiss"]
[EventCountry "GBR"]
[SourceTitle "playchess.com"]
[Source "ChessBase"]
[SourceQuality "1"]
[TimeControl "40/5400+30:1800+30"]

1. e4 {[%emt 0:00:00]} g6 {[%emt 0:03:01]} 2. d4 {[%emt 0:00:00]} Bg7 {[%emt 0:00:10]} 3. Nf3 {[%emt 0:00:17]} d6 {[%emt 0:00:15]} 4. Bc4 {[%emt 0:00:59]} Nf6 {[%emt 0:04:18]} 5. Qe2 {[%emt 0:01:53]} Nc6 {[%emt 0:00:54]} 6. O-O {[%emt 0:06:29]} Bg4 {[%emt 0:05:05]} 7. c3 {[%emt 0:00:46]} O-O {[%emt 0:01:20]} 8. h3 {[%emt 0:04:40]} Bxf3 {[%emt 0:00:32]} 9. Qxf3 {[%emt 0:00:08]} e5 {[%emt 0:03:12]} 10. Rd1 {[%emt 0:05:17]} Nd7 {[%emt 0:05:38]} 11. Be3 {[%emt 0:04:18]} exd4 {[%emt 0:04:57]} 12. cxd4 {[%emt 0:00:26]} Nb6 {[%emt 0:00:06]} 13. Bb3 {[%emt 0:04:15]} Na5 {[%emt 0:03:00]} 14. Nc3 {[%emt 0:03:05]} Nxb3 {[%emt 0:01:01]} 15. axb3 {[%emt 0:00:08]} a6 {[%emt 0:01:36]} 16. Ra5 {[%emt 0:06:42]} c6 {[%emt 0:04:51]} 17. Rda1 {[%emt 0:04:49]} Qd7 {[%emt 0:02:51]} 18. Qe2 {[%emt 0:10:02]} Rae8 {[%emt 0:01:45]} 19. Qd3 {[%emt 0:04:14]} f5 {[%emt 0:12:46]} 20. exf5 {[%emt 0:09:13]} gxf5 {[%emt 0:05:14]} 21. d5 {[%emt 0:00:12]} c5 {[%emt 0:00:17]} 22. Bf4 {[%emt 0:03:23]} Be5 {[%emt 0:06:41]} 23. Bxe5 {[%emt 0:08:59]} Rxe5 {[%emt 0:00:45]} 24. f4 {[%emt 0:00:12]} Re7 {[%emt 0:01:12]} 25. Rf1 {[%emt 0:00:50]} Rfe8 {[%emt 0:06:37]} 1/2-1/2

[Event "105th British-ch 2018"]
[Site "Hull"]
[Date "2018.08.04"]
[Round "8"]
[White "Krzyzanowski, Patryk"]
[Black "Waddington, Mike P"]
[Result "1-0"]
[WhiteElo "2087"]
[BlackElo "2110"]
[Annotator "NA"]
[PlyCount "85"]
[EventDate "2018.07.28"]
[EventType "swiss"]
[EventCountry "GBR"]
[SourceTitle "playchess.com"]
[Source "ChessBase"]
[SourceQuality "1"]
[TimeControl "40/5400+30:1800+30"]

1. c4 {[%emt 0:00:00]} f5 {[%emt 0:00:00]} 2. Nc3 {[%emt 0:00:13]} Nf6 {[%emt 0:00:00]} 3. g3 {[%emt 0:00:59]} g6 {[%emt 0:00:00]} 4. Bg2 {[%emt 0:00:11]} Bg7 {[%emt 0:00:10]} 5. d3 {[%emt 0:00:56]} O-O {[%emt 0:00:24]} 6. Nf3 {[%emt 0:00:09]} d6 {[%emt 0:00:11]} 7. O-O {[%emt 0:00:11]} e5 {[%emt 0:00:06]} 8. Bg5 {[%emt 0:00:19]} h6 {[%emt 0:00:47]} 9. Bxf6 {[%emt 0:00:05]} Qxf6 {[%emt 0:00:48]} 10. Nd5 {[%emt 0:02:23]} Qf7 {[%emt 0:01:23]} 11. Nd2 {[%emt 0:00:35]} c6 {[%emt 0:00:54]} 12. Nc3 {[%emt 0:00:13]} Na6 {[%emt 0:03:18]} 13. Rb1 {[%emt 0:00:40]} Nc7 {[%emt 0:01:46]} 14. b4 {[%emt 0:01:41]} e4 {[%emt 0:04:46]} 15. Qc2 {[%emt 0:01:02]} d5 {[%emt 0:03:48]} 16. b5 {[%emt 0:13:54]} Ne6 {[%emt 0:05:32]} 17. bxc6 {[%emt 0:02:21]} bxc6 {[%emt 0:01:54]} 18. cxd5 {[%emt 0:16:32]} Nd4 {[%emt 0:01:49]} 19. Qa4 {[%emt 0:01:11]} cxd5 {[%emt 0:01:07]} 20. e3 {[%emt 0:14:47]} Bd7 {[%emt 0:10:28]} 21. Qa5 {[%emt 0:18:06]} Nc6 {[%emt 0:12:26]} 22. Qc5 {[%emt 0:00:45]} Rfc8 {[%emt 0:09:36]} 23. Nxd5 {[%emt 0:09:21]} Bf8 {[%emt 0:02:14]} 24. Qc4 {[%emt 0:00:15]} Be6 {[%emt 0:01:40]} 25. dxe4 {[%emt 0:00:15]} Ne5 {[%emt 0:03:56]} 26. Qd4 {[%emt 0:03:00]} Bg7 {[%emt 0:00:50]} 27. exf5 {[%emt 0:00:29]} gxf5 {[%emt 0:01:39]} 28. Nf4 {[%emt 0:02:27]} Nf3+ {[%emt 0:05:42]} 29. Nxf3 {[%emt 0:00:28]} Bxd4 {[%emt 0:00:07]} 30. Nxd4 {[%emt 0:00:06]} Bxa2 {[%emt 0:01:21]} 31. Rb2 {[%emt 0:02:05]} Kh8 {[%emt 0:05:25]} 32. Nxf5 {[%emt 0:01:50]} Rab8 {[%emt 0:07:54]} 33. Nxh6 {[%emt 0:01:29]} Qf6 {[%emt 0:00:27]} 34. Rxa2 {[%emt 0:00:25]} Qxh6 {[%emt 0:00:11]} 35. Rxa7 {[%emt 0:00:09]} Rb4 {[%emt 0:01:58]} 36. Bh3 {[%emt 0:01:14]} Rcb8 {[%emt 0:00:29]} 37. Bf5 {[%emt 0:00:11]} Kg8 {[%emt 0:04:30]} 38. Rc1 {[%emt 0:03:39]} R4b7 {[%emt 0:01:17]} 39. Rc7 {[%emt 0:02:01]} Rxc7 {[%emt 0:02:05]} 40. Rxc7 {[%emt 0:00:10]} Qd6 {[%emt 0:00:20]} 41. Be6+ {[%emt 0:12:19]} Kf8 {[%emt 0:01:14]} 42. Ng6+ {[%emt 0:00:27]} Ke8 {[%emt 0:00:08]} 43. Re7+ {[%emt 0:00:12]} 1-0

[Event "105th British-ch 2018"]
[Site "Hull"]
[Date "2018.08.04"]
[Round "8"]
[White "Verma, Aditya"]
[Black "Jarmany, John"]
[Result "1/2-1/2"]
[WhiteElo "2084"]
[BlackElo "2110"]
[Annotator "NA"]
[PlyCount "44"]
[EventDate "2018.07.28"]
[EventType "swiss"]
[EventCountry "GBR"]
[SourceTitle "playchess.com"]
[Source "ChessBase"]
[SourceQuality "1"]
[TimeControl "40/5400+30:1800+30"]

1. e4 {[%emt 0:00:00]} c6 {[%emt 0:00:00]} 2. d4 {[%emt 0:00:00]} d5 {[%emt 0:00:00]} 3. e5 {[%emt 0:00:00]} c5 {[%emt 0:00:00]} 4. c3 {[%emt 0:00:13]} Nc6 {[%emt 0:00:31]} 5. Nf3 {[%emt 0:05:20]} Bg4 {[%emt 0:02:54]} 6. Be2 {[%emt 0:01:27]} e6 {[%emt 0:00:19]} 7. Nbd2 {[%emt 0:12:59]} cxd4 {[%emt 0:02:22]} 8. cxd4 {[%emt 0:02:31]} Bb4 {[%emt 0:04:20]} 9. O-O {[%emt 0:00:35]} Nge7 {[%emt 0:01:00]} 10. Nb3 {[%emt 0:03:55]} Nf5 {[%emt 0:06:34]} 11. h3 {[%emt 0:07:24]} Bxf3 {[%emt 0:00:10]} 12. Bxf3 {[%emt 0:00:10]} Qb6 {[%emt 0:10:47]} 13. Be3 {[%emt 0:01:14]} a5 {[%emt 0:00:21]} 14. a4 {[%emt 0:08:43]} O-O {[%emt 0:04:31]} 15. Qd3 {[%emt 0:03:31]} Rac8 {[%emt 0:17:32]} 16. Rfc1 {[%emt 0:04:01]} Be7 {[%emt 0:04:52]} 17. Rc3 {[%emt 0:16:17]} Nb4 {[%emt 0:09:35]} 18. Qd2 {[%emt 0:02:16]} Nc6 {[%emt 0:02:41]} 19. Qd3 {[%emt 0:00:08]} Nb4 {[%emt 0:01:41]} 20. Qd2 {[%emt 0:00:05]} Nc6 {[%emt 0:01:02]} 21. Qd3 {[%emt 0:00:06]} Nb4 {[%emt 0:00:47]} 22. Qd2 {[%emt 0:00:07]} Nc6 {[%emt 0:00:03]} 1/2-1/2

[Event "105th British-ch 2018"]
[Site "Hull"]
[Date "2018.08.04"]
[Round "8"]
[White "Ratnesan, Ranesh"]
[Black "Price, Gwilym T"]
[Result "1/2-1/2"]
[WhiteElo "2073"]
[BlackElo "2085"]
[Annotator "NA"]
[PlyCount "47"]
[EventDate "2018.07.28"]
[EventType "swiss"]
[EventCountry "GBR"]
[SourceTitle "playchess.com"]
[Source "ChessBase"]
[SourceQuality "1"]
[TimeControl "40/5400+30:1800+30"]

1. d4 {[%emt 0:00:00]} Nf6 {[%emt 0:00:00]} 2. c4 {[%emt 0:00:12]} g6 {[%emt 0:00:00]} 3. Nf3 {[%emt 0:00:07]} Bg7 {[%emt 0:00:00]} 4. Nc3 {[%emt 0:00:37]} O-O {[%emt 0:00:00]} 5. g3 {[%emt 0:00:09]} d6 {[%emt 0:00:02]} 6. Bg2 {[%emt 0:00:13]} Nbd7 {[%emt 0:00:05]} 7. O-O {[%emt 0:01:19]} e5 {[%emt 0:00:02]} 8. dxe5 {[%emt 0:03:56]} dxe5 {[%emt 0:00:26]} 9. Bg5 {[%emt 0:01:01]} h6 {[%emt 0:03:20]} 10. Bxf6 {[%emt 0:02:25]} Qxf6 {[%emt 0:01:23]} 11. Nd2 {[%emt 0:02:14]} c6 {[%emt 0:03:43]} 12. b4 {[%emt 0:09:47]} Rd8 {[%emt 0:08:00]} 13. Qc2 {[%emt 0:04:39]} Nf8 {[%emt 0:09:10]} 14. Rac1 {[%emt 0:11:32]} Qd6 {[%emt 0:07:35]} 15. Nce4 {[%emt 0:12:35]} Qxb4 {[%emt 0:01:25]} 16. c5 {[%emt 0:04:56]} Qa5 {[%emt 0:03:14]} 17. Nc4 {[%emt 0:03:10]} Qc7 {[%emt 0:00:41]} 18. Ncd6 {[%emt 0:04:00]} Be6 {[%emt 0:06:11]} 19. Rb1 {[%emt 0:02:34]} b5 {[%emt 0:02:27]} 20. cxb6 {[%emt 0:01:03]} axb6 {[%emt 0:01:16]} 21. Nb5 {[%emt 0:00:58]} Qe7 {[%emt 0:07:02]} 22. Qxc6 {[%emt 0:01:18]} Rxa2 {[%emt 0:01:28]} 23. Nec3 {[%emt 0:02:38]} Rad2 {[%emt 0:02:41]} 24. Qxb6 {[%emt 0:03:40]} 1/2-1/2

[Event "105th British-ch 2018"]
[Site "Hull"]
[Date "2018.08.04"]
[Round "8"]
[White "McDougall, William M"]
[Black "Bradbury, Neil H"]
[Result "0-1"]
[WhiteElo "2056"]
[BlackElo "2350"]
[Annotator "NA"]
[PlyCount "106"]
[EventDate "2018.07.28"]
[EventType "swiss"]
[EventCountry "GBR"]
[SourceTitle "playchess.com"]
[Source "ChessBase"]
[SourceQuality "1"]
[TimeControl "40/5400+30:1800+30"]

1. d4 {[%emt 0:00:00]} Nf6 {[%emt 0:00:00]} 2. c4 {[%emt 0:00:00]} e6 {[%emt 0:00:00]} 3. Nf3 {[%emt 0:00:06]} b6 {[%emt 0:00:08]} 4. g3 {[%emt 0:00:22]} Ba6 {[%emt 0:01:58]} 5. Qc2 {[%emt 0:02:21]} Bb4+ {[%emt 0:04:18]} 6. Bd2 {[%emt 0:01:21]} Be7 {[%emt 0:00:07]} 7. Bg2 {[%emt 0:01:30]} d5 {[%emt 0:01:45]} 8. Ne5 {[%emt 0:03:40]} O-O {[%emt 0:05:44]} 9. O-O {[%emt 0:03:54]} c5 {[%emt 0:08:58]} 10. dxc5 {[%emt 0:06:05]} bxc5 {[%emt 0:06:56]} 11. cxd5 {[%emt 0:02:19]} Nxd5 {[%emt 0:13:55]} 12. Nc3 {[%emt 0:07:14]} Bf6 {[%emt 0:20:47]} 13. Ng4 {[%emt 0:23:56]} Bxc3 {[%emt 0:05:01]} 14. Bxc3 {[%emt 0:02:42]} Nc6 {[%emt 0:00:07]} 15. Rfd1 {[%emt 0:03:58]} Qg5 {[%emt 0:03:21]} 16. h3 {[%emt 0:01:37]} Rac8 {[%emt 0:00:37]} 17. e3 {[%emt 0:09:35]} Rfd8 {[%emt 0:07:21]} 18. a3 {[%emt 0:02:16]} h5 {[%emt 0:05:19]} 19. Nh2 {[%emt 0:07:06]} Bb7 {[%emt 0:00:21]} 20. Nf3 {[%emt 0:01:26]} Qh6 {[%emt 0:01:42]} 21. Rac1 {[%emt 0:01:34]} Ba8 {[%emt 0:00:08]} 22. Ne5 {[%emt 0:02:09]} Nxe5 {[%emt 0:00:23]} 23. Bxe5 Nxe3 24. Rxd8+ {[%emt 0:04:16]} Rxd8 {[%emt 0:00:21]} 25. Bf4 {[%emt 0:02:02]} Nxc2 {[%emt 0:02:28]} 26. Bxh6 {[%emt 0:01:25]} Nd4 27. Rxc5 {[%emt 0:03:50]} gxh6 {[%emt 0:02:49]} 28. Bxa8 {[%emt 0:00:00]} Rxa8 {[%emt 0:00:01]} 29. Rxh5 {[%emt 0:00:00]} Kg7 {[%emt 0:00:26]} 30. Ra5 {[%emt 0:01:02]} Nc6 {[%emt 0:00:51]} 31. Ra6 {[%emt 0:00:41]} Rc8 32. b4 {[%emt 0:00:00]} Rc7 {[%emt 0:01:50]} 33. b5 {[%emt 0:00:00]} Nb8 {[%emt 0:00:24]} 34. Ra4 {[%emt 0:01:28]} Nd7 {[%emt 0:01:59]} 35. Rb4 {[%emt 0:00:00]} Nb6 {[%emt 0:02:15]} 36. Kf1 {[%emt 0:00:24]} Rc3 {[%emt 0:00:49]} 37. Rg4+ {[%emt 0:02:14]} Kf8 {[%emt 0:01:18]} 38. Rh4 {[%emt 0:00:00]} Kg7 {[%emt 0:00:32]} 39. Rg4+ {[%emt 0:00:00]} Kh7 {[%emt 0:00:12]} 40. Rf4 {[%emt 0:00:00]} Kg8 {[%emt 0:00:30]} 41. Rg4+ {[%emt 0:02:29]} Kf8 {[%emt 0:33:02]} 42. Rh4 {[%emt 0:01:42]} Rxa3 {[%emt 0:00:00]} 43. Rxh6 {[%emt 0:00:00]} Kg7 {[%emt 0:00:00]} 44. Rh5 {[%emt 0:00:00]} Ra5 {[%emt 0:00:00]} 45. Rg5+ {[%emt 0:00:00]} Kh6 {[%emt 0:00:00]} 46. h4 {[%emt 0:00:00]} Nd5 {[%emt 0:00:00]} 47. Rg8 {[%emt 0:01:37]} Rxb5 {[%emt 0:00:00]} 48. Kg2 {[%emt 0:00:06]} Nb6 {[%emt 0:00:00]} 49. g4 {[%emt 0:00:52]} a5 {[%emt 0:00:00]} 50. g5+ {[%emt 0:01:32]} Kh7 {[%emt 0:00:00]} 51. Rf8 {[%emt 0:01:03]} Kg7 {[%emt 0:00:00]} 52. Rd8 {[%emt 0:00:12]} a4 {[%emt 0:00:00]} 53. f4 {[%emt 0:04:44]} a3 {[%emt 0:00:00]} 0-1

[Event "105th British-ch 2018"]
[Site "Hull"]
[Date "2018.08.04"]
[Round "8"]
[White "Jamroz, Krzysztof"]
[Black "Mcmichael, Richard J"]
[Result "0-1"]
[WhiteElo "2026"]
[BlackElo "2245"]
[Annotator "NA"]
[PlyCount "68"]
[EventDate "2018.07.28"]
[EventType "swiss"]
[EventCountry "GBR"]
[SourceTitle "playchess.com"]
[Source "ChessBase"]
[SourceQuality "1"]
[TimeControl "40/5400+30:1800+30"]

1. e4 {[%emt 0:00:00]} e6 {[%emt 0:00:27]} 2. d4 {[%emt 0:00:00]} d5 {[%emt 0:00:06]} 3. Nd2 {[%emt 0:00:00]} Nc6 {[%emt 0:00:25]} 4. Ngf3 {[%emt 0:00:00]} Nf6 {[%emt 0:00:04]} 5. e5 {[%emt 0:00:00]} Nd7 {[%emt 0:00:05]} 6. c3 {[%emt 0:00:00]} f6 {[%emt 0:00:15]} 7. Bb5 {[%emt 0:00:02]} Be7 {[%emt 0:00:45]} 8. exf6 {[%emt 0:06:39]} Bxf6 {[%emt 0:01:46]} 9. O-O {[%emt 0:00:40]} O-O {[%emt 0:00:28]} 10. Re1 {[%emt 0:00:28]} Re8 {[%emt 0:02:48]} 11. Nb3 {[%emt 0:05:11]} a5 {[%emt 0:03:45]} 12. Bf4 {[%emt 0:01:58]} Na7 {[%emt 0:04:43]} 13. Bd3 {[%emt 0:01:30]} b6 {[%emt 0:00:28]} 14. Qc2 {[%emt 0:07:51]} Nf8 {[%emt 0:01:07]} 15. a4 {[%emt 0:11:27]} Bd7 {[%emt 0:01:53]} 16. h4 {[%emt 0:17:41]} Re7 {[%emt 0:05:07]} 17. g4 {[%emt 0:11:38]} Rf7 {[%emt 0:02:03]} 18. Bg3 {[%emt 0:04:59]} g6 {[%emt 0:04:08]} 19. g5 {[%emt 0:01:48]} Bg7 {[%emt 0:00:08]} 20. Ne5 {[%emt 0:01:18]} Bxe5 {[%emt 0:00:49]} 21. Bxe5 {[%emt 0:00:08]} Nc6 {[%emt 0:00:37]} 22. Bg3 {[%emt 0:00:57]} Ne7 {[%emt 0:01:55]} 23. Qe2 {[%emt 0:03:54]} Nf5 {[%emt 0:08:10]} 24. Kg2 {[%emt 0:01:28]} Ra7 {[%emt 0:06:49]} 25. Nd2 {[%emt 0:00:31]} c5 {[%emt 0:02:04]} 26. Nf3 {[%emt 0:00:36]} Bc8 {[%emt 0:04:11]} 27. Ne5 {[%emt 0:01:10]} cxd4 {[%emt 0:01:01]} 28. Nc6 {[%emt 0:02:12]} Qd7 {[%emt 0:00:50]} 29. Nxa7 {[%emt 0:01:17]} Qxa7 {[%emt 0:00:14]} 30. Bxf5 {[%emt 0:00:41]} gxf5 {[%emt 0:02:09]} 31. cxd4 {[%emt 0:00:23]} f4 {[%emt 0:00:11]} 32. Qc2 {[%emt 0:03:33]} fxg3 {[%emt 0:04:30]} 33. Qxc8 {[%emt 0:02:04]} Rxf2+ {[%emt 0:00:32]} 34. Kxg3 {[%emt 0:00:17]} Qf7 {[%emt 0:00:06]} 0-1

[Event "105th British-ch 2018"]
[Site "Hull"]
[Date "2018.08.04"]
[Round "8"]
[White "Burke, Mitchell R"]
[Black "Jackson, Sheila"]
[Result "1/2-1/2"]
[WhiteElo "1988"]
[BlackElo "2072"]
[Annotator "NA"]
[PlyCount "51"]
[EventDate "2018.07.28"]
[EventType "swiss"]
[EventCountry "GBR"]
[SourceTitle "playchess.com"]
[Source "ChessBase"]
[SourceQuality "1"]
[TimeControl "40/5400+30:1800+30"]

1. e4 {[%emt 0:00:06]} e5 {[%emt 0:00:00]} 2. Nf3 {[%emt 0:01:26]} Nc6 {[%emt 0:00:00]} 3. Bb5 {[%emt 0:00:42]} a6 {[%emt 0:00:00]} 4. Bxc6 {[%emt 0:00:30]} dxc6 {[%emt 0:00:00]} 5. O-O {[%emt 0:00:50]} Qf6 {[%emt 0:01:35]} 6. d4 {[%emt 0:06:22]} exd4 {[%emt 0:00:11]} 7. Bg5 {[%emt 0:03:22]} Qd6 {[%emt 0:01:17]} 8. Qxd4 {[%emt 0:01:56]} f6 {[%emt 0:00:10]} 9. Be3 {[%emt 0:03:36]} Qxd4 {[%emt 0:00:05]} 10. Nxd4 {[%emt 0:05:28]} Bd7 {[%emt 0:00:07]} 11. Nc3 {[%emt 0:02:15]} O-O-O {[%emt 0:00:12]} 12. Rad1 {[%emt 0:00:28]} Re8 {[%emt 0:00:49]} 13. Nde2 {[%emt 0:20:35]} g5 {[%emt 0:12:14]} 14. f3 {[%emt 0:08:33]} Bd6 {[%emt 0:02:20]} 15. Na4 {[%emt 0:04:33]} Be6 {[%emt 0:08:12]} 16. b3 {[%emt 0:02:13]} Ne7 {[%emt 0:01:08]} 17. Bd4 {[%emt 0:09:26]} Rhf8 {[%emt 0:00:15]} 18. Nc5 {[%emt 0:00:43]} Bg8 {[%emt 0:02:33]} 19. Ng3 {[%emt 0:06:21]} b6 {[%emt 0:05:59]} 20. Nd3 {[%emt 0:03:41]} c5 {[%emt 0:01:34]} 21. Bc3 {[%emt 0:00:32]} c4 {[%emt 0:03:41]} 22. Nf2 {[%emt 0:02:38]} cxb3 {[%emt 0:02:47]} 23. axb3 {[%emt 0:00:46]} a5 {[%emt 0:04:05]} 24. Ng4 {[%emt 0:01:33]} Bxg3 {[%emt 0:11:25]} 25. hxg3 {[%emt 0:00:46]} f5 {[%emt 0:00:24]} 26. Nf6 {[%emt 0:00:33]} 1/2-1/2

[Event "105th British-ch 2018"]
[Site "Hull"]
[Date "2018.08.04"]
[Round "8"]
[White "De Coverly, Roger D"]
[Black "Sugden, John N"]
[Result "1-0"]
[WhiteElo "1920"]
[BlackElo "2090"]
[Annotator "NA"]
[PlyCount "125"]
[EventDate "2018.07.28"]
[EventType "swiss"]
[EventCountry "GBR"]
[SourceTitle "playchess.com"]
[Source "ChessBase"]
[SourceQuality "1"]
[TimeControl "40/5400+30:1800+30"]

1. e4 {[%emt 0:00:00]} c5 {[%emt 0:00:02]} 2. Nf3 {[%emt 0:00:00]} e6 {[%emt 0:00:26]} 3. d3 {[%emt 0:00:18]} Nc6 {[%emt 0:02:17]} 4. g3 {[%emt 0:00:06]} Nf6 {[%emt 0:03:24]} 5. Bg2 {[%emt 0:00:44]} d5 {[%emt 0:02:43]} 6. Nbd2 {[%emt 0:00:19]} Be7 {[%emt 0:02:01]} 7. O-O {[%emt 0:00:22]} O-O {[%emt 0:03:16]} 8. Re1 {[%emt 0:03:30]} Bd7 {[%emt 0:03:14]} 9. e5 {[%emt 0:04:11]} Ne8 {[%emt 0:00:21]} 10. Nf1 {[%emt 0:01:10]} f6 {[%emt 0:03:03]} 11. exf6 {[%emt 0:00:53]} Bxf6 {[%emt 0:00:13]} 12. Ne3 {[%emt 0:02:16]} Nd6 {[%emt 0:06:55]} 13. Ng4 {[%emt 0:02:20]} Nf7 {[%emt 0:00:49]} 14. Nxf6+ {[%emt 0:08:43]} Qxf6 {[%emt 0:00:38]} 15. c4 {[%emt 0:04:43]} Rad8 {[%emt 0:07:54]} 16. Rf1 {[%emt 0:08:32]} Bc8 {[%emt 0:04:16]} 17. Qb3 {[%emt 0:02:41]} dxc4 {[%emt 0:06:41]} 18. Qxc4 {[%emt 0:02:08]} b6 {[%emt 0:01:11]} 19. h4 {[%emt 0:04:39]} h6 {[%emt 0:04:10]} 20. Bd2 {[%emt 0:06:06]} e5 {[%emt 0:07:46]} 21. Bc3 {[%emt 0:04:09]} Be6 {[%emt 0:04:33]} 22. Qa6 {[%emt 0:04:32]} Bd5 {[%emt 0:02:57]} 23. Nh2 {[%emt 0:03:31]} Bxg2 {[%emt 0:00:40]} 24. Kxg2 {[%emt 0:00:06]} Qd6 {[%emt 0:01:10]} 25. Rad1 {[%emt 0:01:34]} Qd5+ {[%emt 0:00:32]} 26. Kg1 {[%emt 0:01:00]} Nd6 {[%emt 0:01:22]} 27. Qa4 {[%emt 0:02:46]} Rf7 {[%emt 0:03:43]} 28. a3 {[%emt 0:02:40]} Nf5 {[%emt 0:03:53]} 29. Qe4 {[%emt 0:03:23]} Nfd4 {[%emt 0:01:25]} 30. Qxd5 {[%emt 0:02:52]} Rxd5 {[%emt 0:02:07]} 31. Kg2 {[%emt 0:02:18]} Rfd7 {[%emt 0:04:32]} 32. Rde1 {[%emt 0:02:32]} Nb5 {[%emt 0:01:03]} 33. Ng4 {[%emt 0:03:09]} Nxc3 {[%emt 0:01:55]} 34. bxc3 {[%emt 0:00:06]} Rxd3 {[%emt 0:01:31]} 35. Rxe5 {[%emt 0:01:25]} Rxc3 {[%emt 0:01:12]} 36. Re8+ {[%emt 0:01:03]} Kh7 {[%emt 0:00:50]} 37. h5 {[%emt 0:03:57]} Re7 {[%emt 0:06:27]} 38. Re1 {[%emt 0:03:53]} Rxe1 {[%emt 0:02:37]} 39. Rxe1 {[%emt 0:00:05]} Kg8 {[%emt 0:03:41]} 40. Re6 {[%emt 0:03:58]} Nd4 {[%emt 0:00:56]} 41. Re8+ {[%emt 0:30:40]} Kf7 {[%emt 0:31:13]} 42. Rb8 {[%emt 0:00:25]} Rxa3 {[%emt 0:00:00]} 43. Rb7+ {[%emt 0:00:00]} Ke6 {[%emt 0:00:00]} 44. Rxg7 {[%emt 0:00:00]} c4 {[%emt 0:00:00]} 45. Rg6+ {[%emt 0:00:00]} Kd5 {[%emt 0:00:00]} 46. Rxh6 {[%emt 0:00:00]} c3 {[%emt 0:00:00]} 47. Ne3+ {[%emt 0:00:00]} Ke4 {[%emt 0:00:00]} 48. Rh8 {[%emt 0:00:00]} c2 {[%emt 0:00:00]} 49. Rc8 {[%emt 0:00:00]} Ra5 {[%emt 0:00:00]} 50. g4 {[%emt 0:00:00]} Rg5 {[%emt 0:00:00]} 51. h6 {[%emt 0:00:00]} Rg8 {[%emt 0:00:00]} 52. Rxg8 {[%emt 0:00:00]} c1=Q {[%emt 0:00:00]} 53. h7 {[%emt 0:00:00]} Ne2 {[%emt 0:00:00]} 54. Re8+ {[%emt 0:00:00]} Kf4 {[%emt 0:04:15]} 55. Nd5+ {[%emt 0:00:00]} Kxg4 {[%emt 0:01:15]} 56. Rg8+ {[%emt 0:00:00]} Kf5 {[%emt 0:00:32]} 57. h8=Q {[%emt 0:00:00]} Qg1+ {[%emt 0:00:39]} 58. Kf3 {[%emt 0:00:00]} Nd4+ {[%emt 0:00:21]} 59. Qxd4 {[%emt 0:01:37]} Qh1+ {[%emt 0:00:30]} 60. Rg2 {[%emt 0:01:09]} Qh3+ {[%emt 0:00:49]} 61. Rg3 {[%emt 0:00:25]} Qh1+ {[%emt 0:00:40]} 62. Ke2 {[%emt 0:00:23]} Qh5+ {[%emt 0:00:21]} 63. Kd2 {[%emt 0:00:22]} 1-0

[Event "105th British-ch 2018"]
[Site "Hull"]
[Date "2018.08.05"]
[Round "9"]
[White "Howell, David W L"]
[Black "Mcshane, Luke J"]
[Result "0-1"]
[WhiteElo "2687"]
[BlackElo "2669"]
[Annotator "TA"]
[PlyCount "64"]
[EventDate "2018.07.28"]
[EventType "swiss"]
[EventCountry "GBR"]
[SourceTitle "playchess.com"]
[Source "ChessBase"]
[SourceQuality "1"]

{[%evp 22,64,20,15,18,8,27,0,0,0,0,0,0,0,0,0,0,-8,0,0,0,0,0,0,12,-29,-18,-22,0,0,0,-208,-206,-200,-195,-205,-190,-413,-406,-29989,-29990,-29991,-29992,-29996,-29997]} 1. e4 e5 2. Nf3 Nc6 3. Bb5 a6 4. Ba4 d6 5. O-O Bd7 6. d4 exd4 7. Nxd4 Nxd4 8. Bxd7+ Qxd7 9. Qxd4 Nf6 10. Nc3 Be7 {C72: Ruy Lopez: Deferred Steinitz: 5 0-0} 11. Bf4 $146 (11. b3 O-O 12. Bb2 c6 13. Ne2 Rfe8 14. Ng3 Bf8 15. Rad1 Qe6 16. Rfe1 Qe5 17. c4 Qxd4 18. Bxd4 {1-0 (32) Ma,Q (2645)-Demchenko,A (2679) Surakarta 2018}) ({Predecessor:} 11. h3 O-O 12. Bf4 Rfe8 13. Rfe1 Qc6 14. Nd5 Nxd5 15. exd5 Qxc2 16. Rac1 Qf5 17. Rxc7 Bf6 18. Rxe8+ Rxe8 {0-1 (38) Jeitz,C (2139)-Miralles,G (2450) France 2004}) 11... O-O 12. Rad1 {LiveBook: 3 Games} Qc6 {The position is equal.} 13. Nd5 Nxd5 14. exd5 Qxc2 15. Rc1 Qf5 16. Rxc7 Bf6 17. Qd2 Rfc8 18. Rfc1 {And now Qd3! would win.} Rxc7 19. Rxc7 Re8 {Hoping for ...Qxf4!} 20. h3 h5 21. b3 g5 22. Be3 Re5 23. Rxb7 Rxd5 24. Qc1 $1 Be5 25. Rb4 ({But not} 25. Bxg5 $2 Rc5 $19) 25... Qd3 {( -> ...Qd1+)} 26. f4 $2 (26. g3 $1 $11 {and White has nothing to worry.}) 26... Qe2 $1 $19 27. Kh2 ({Reject} 27. Rb8+ Kg7 $19) 27... gxf4 28. Bxf4 {[#]} Rd2 $1 $40 {[%csl Gd2][%cal Re2g2][%mdl 128] Black attacks with force.} 29. Qc6 $2 {[#]} (29. Qc8+ {was the only chance.} Kg7 30. Qc6) 29... Kg7 $1 30. a3 (30. h4 $19) 30... h4 {Black mates.} 31. Rc4 Qe3 $1 32. Qe4 {[#]} Qg3+ $1 {[%mdl 512] Precision: White = 38%, Black = 76%.} 0-1

[Event "105th British-ch 2018"]
[Site "Hull"]
[Date "2018.08.05"]
[Round "9"]
[White "Pert, Nicholas"]
[Black "Hawkins, Jonathan"]
[Result "1/2-1/2"]
[WhiteElo "2544"]
[BlackElo "2590"]
[Annotator "TA"]
[PlyCount "47"]
[EventDate "2018.07.28"]
[EventType "swiss"]
[EventCountry "GBR"]
[SourceTitle "playchess.com"]
[Source "ChessBase"]
[SourceQuality "1"]

{[%evp 19,47,11,8,8,10,21,46,33,39,40,130,134,90,92,79,18,38,9,9,8,7,8,7,0,0,0,0,0,0,0]} 1. d4 d5 2. c4 e6 3. Nf3 Nf6 4. Nc3 dxc4 5. e4 Bb4 6. Bxc4 {D24: Queen's Gambit Accepted: 3 Nf3 Nf6 4 Nc3} (6. Bg5 h6 7. Bxf6 Qxf6 8. Bxc4 c5 9. O-O cxd4 10. e5 Qd8 11. Ne4 O-O 12. Qe2 Be7 13. Rad1 Qc7 14. Bd3 Nd7 15. Rc1 Qa5 16. g4 Nxe5 17. Nxe5 Qxe5 {0-1 (37) Aronian,L (2794)-Caruana,F (2784) Berlin 2018}) 6... Nxe4 7. O-O Nxc3 8. bxc3 Be7 9. Ne5 O-O 10. Qg4 Nc6 {LiveBook: 102 Games} 11. Re1 Nxe5 12. dxe5 f5 13. exf6 $1 Bxf6 {[#]} 14. Ba3 $146 {Rad1 is the strong threat.} Bxc3 {[#]} ({Black should play} 14... Rf7 $1 $14) 15. Rad1 $1 $16 {[%cal Rd1d8]} Qf6 16. Bxf8 Bxe1 {[#]} 17. Bxg7 (17. Bc5 $1 $16 Ba5 18. Bd4) 17... Bxf2+ $11 18. Kf1 Qg6 $1 {[%cal Rg6g4] The position is equal.} ({But not} 18... Qxg7 $2 19. Rd8+ Kf7 20. Qf4+ Ke7 21. Qxc7+ Kf6 22. Qf4+ (22. Rxc8 Rxc8 23. Qxc8 Bd4 $11) 22... Ke7 23. Qd6+ Kf7 24. Rxc8 $18 (24. Kxf2 Qb2+ 25. Kg3 Qg7+ 26. Kf2 Qb2+ 27. Kf3 Qf6+ 28. Ke3 Qg5+ 29. Kd3 b5 $18)) 19. Qxg6 hxg6 20. Be5 Bh4 21. Rd4 Be7 22. Bxc7 Kg7 23. Be5+ Bf6 24. Bxf6+ {Precision: White = 62%, Black = 57%.} 1/2-1/2